Biện pháp kỹ thuật chăm sóc cho ruộng lúa bị nhiễm bệnh vàng lùn
Đặc điểm truyền bệnh vàng lùn ở cây lúa. Các triệu chứng và ngưỡng tiêu huỷ bệnh vàng lùn. Giải pháp kĩ thuật phòng chống rầy nâu - bệnh vàng lùn và phương pháp chăm sóc ruộng lúa bị nhiễm bệnh vàng lùn dưới mức tiêu huỷ...
Sparad:
| Materialtyp: | Bok |
|---|---|
| Språk: | Undetermined |
| Publicerad: |
Hà Nội
Nông nghiệp
2012
|
| Ämnen: | |
| Taggar: |
Lägg till en tagg
Inga taggar, Lägg till första taggen!
|
| Thư viện lưu trữ: | Trung tâm Học liệu Trường Đại học Cần Thơ |
|---|
| LEADER | 01100nam a2200205Ia 4500 | ||
|---|---|---|---|
| 001 | CTU_208989 | ||
| 008 | 210402s9999 xx 000 0 und d | ||
| 020 | |c 15000 | ||
| 082 | |a 633.18 | ||
| 082 | |b B305 | ||
| 245 | 0 | |a Biện pháp kỹ thuật chăm sóc cho ruộng lúa bị nhiễm bệnh vàng lùn | |
| 245 | 0 | |c Viện KHKT Nông nghiệp miền Nam. Trung tâm Nghiên cứu & Phát triển Nông nghiệp Đồng Tháp Mười | |
| 260 | |a Hà Nội | ||
| 260 | |b Nông nghiệp | ||
| 260 | |c 2012 | ||
| 520 | |a Đặc điểm truyền bệnh vàng lùn ở cây lúa. Các triệu chứng và ngưỡng tiêu huỷ bệnh vàng lùn. Giải pháp kĩ thuật phòng chống rầy nâu - bệnh vàng lùn và phương pháp chăm sóc ruộng lúa bị nhiễm bệnh vàng lùn dưới mức tiêu huỷ | ||
| 650 | |a Rice,Cây lúa | ||
| 650 | |x Diseases and pests,Bệnh và sâu bệnh | ||
| 904 | |i Hải | ||
| 980 | |a Trung tâm Học liệu Trường Đại học Cần Thơ | ||